000 00715nam a2200217 c 4500
001 000030414
003 RuMoIPM
005 20260427102440.0
008 230210s1950 ru ||||||| |||| ||rus d
035 _a(RuMoBEN) 001998872
035 _a(ELAR retro) [2022] 000084952
040 _aRuMoBEN
_brus
_ercr
041 0 _arus
044 _aru
080 _a51(07)
100 1 _aМихельсон, Николай Семенович
245 1 0 _aКраткий курс высшей математики
_b[учебное пособие для втузов]
_cН. С. Михельсон
260 _aМосква
_aЛенинград
_bГостехиздат
_c1950
300 _a511 с.
_bчерт.
942 _cBK
999 _c30414
_d30414